| 000 | 01221nam0a22003011 4500 | ||
|---|---|---|---|
| 001 | rc\2759571 | ||
| 005 | 20110915171413.2 | ||
| 035 | _a(NLR Aleph) 006886227 | ||
| 090 |
_a7098956 _c7098955 |
||
| 100 | _a20110915d1940 |||y0rusy50 ca | ||
| 101 | 1 |
_arus _cchv |
|
| 102 | _aRU | ||
| 105 | _aac z |||a| | ||
| 200 | 1 |
_aНарспи _eПоэма _fПер. с чув. А. Жаров _gПод ред. В. В. Казина _g[Ил. Ф. Быкова] |
|
| 210 |
_aМосква _cГослитиздат _d1940 |
||
| 215 |
_a96 с. _cил., портр. _d20 см. |
||
| 300 | _aЖ. Октябрь, 1940, №№ 6-7 | ||
| 327 | 0 | _aВступ. статья: И. Сутягин "Классик чувашской лит-ры", с. 5-8 | |
| 464 | 0 | _12000#$aКлассик чувашской литературы$fИ. Сутягин | |
| 700 | 1 |
_aИванов _bК. В. _cпоэт _f1890-1915 _gКонстантин Васильевич _3RU\NLR\auth\7775869 _4070 |
|
| 702 | 1 |
_aКазин _bВ. В. _4340 |
|
| 702 | 1 |
_aБыков _bФ. _4440 |
|
| 702 | 1 |
_aЖаров _bА. А. _gАлександр Алексеевич _4730 |
|
| 801 | 0 |
_aRU _bNLR _gpsbo |
|
| 801 | 1 |
_aRU _bELAR _2rusmarc |
|
| 852 |
_aNLR _j40-3/926 |
||
| 942 | _cBOOK | ||
| 980 | _aNB | ||